000 00327 a2200145 4500
001 154247
040 _cEscola São Tomás de Aquino
100 _aGALILEI,Galileo
240 1 0 _aO ensaiador
_lpor
245 1 0 _aO ensaiador
362 0 _a1991
440 1 _aNova cultural
697 _aFILOSOFIA E PSICOLOGIA
942 _cBK
999 _c154247
_d154247